The Town and Country Planning (General Permitted Development) (England) Order 2015 (Record no. 115653)

MARC details
000 -LEADER
fixed length control field 01454cad a22002535a 4500
001 - CONTROL NUMBER
control field L159058
008 - FIXED-LENGTH DATA ELEMENTS--GENERAL INFORMATION
fixed length control field 100914s2015 xxk f lf000 0 eng d
035 ## - SYSTEM CONTROL NUMBER
System control number (Sirsi) u159058
041 0# - LANGUAGE CODE
Language code of text/sound track or separate title eng
050 04 - LIBRARY OF CONGRESS CALL NUMBER
Classification number 711.1 $2 18
110 2# - MAIN ENTRY--CORPORATE NAME
Corporate name or jurisdiction name as entry element United Kingdom
Form subheading Laws, etc.
9 (RLIN) 5044
245 04 - TITLE STATEMENT
Title The Town and Country Planning (General Permitted Development) (England) Order 2015
Medium [electronic resource]
260 ## - PUBLICATION, DISTRIBUTION, ETC.
Place of publication, distribution, etc. London
Name of publisher, distributor, etc. HM Government
Date of publication, distribution, etc. 2015
490 #0 - SERIES STATEMENT
Series statement SI
Volume/sequential designation (596) 2015
520 ## - SUMMARY, ETC.
Summary, etc. Consolidates the regulations concerned with General Permitted Development in England, as well as introducing a number of policy changes. The main purpose of this Order is to grant planning permission for certain classes of development without the requirement for a planning application to be made. The planning permissions granted are subject to some provisions, in particular where a development is Environmental Impact Assessment (EIA) development or subject to certain regulations contained in the Conservation of Habitats and Species Regulations 2010.
520 ## - SUMMARY, ETC.
Summary, etc. Comes into force on 15 April 2015.
521 ## - TARGET AUDIENCE NOTE
Target audience note Advanced
590 ## - LOCAL NOTE (RLIN)
Local note KA
650 24 - SUBJECT ADDED ENTRY--TOPICAL TERM
Topical term or geographic name entry element TOWN AND COUNTRY PLANNING (GENERAL PERMITTED DEVELOPMENT) (ENGLAND) ORDER 2015
651 #4 - SUBJECT ADDED ENTRY--GEOGRAPHIC NAME
Geographic name England
Chronological subdivision 886-
690 ## - LOCAL SUBJECT ADDED ENTRY--TOPICAL TERM (OCLC, RLIN)
Topical term or geographic name as entry element Planning and development
9 (RLIN) 6259
856 40 - ELECTRONIC LOCATION AND ACCESS
Uniform Resource Identifier <a href="https://www.legislation.gov.uk/uksi/2015/596/contents/made">https://www.legislation.gov.uk/uksi/2015/596/contents/made</a>
Public note View the item free of charge online at www.legislation.gov.uk...
942 ## - ADDED ENTRY ELEMENTS (KOHA)
Suppress in OPAC 0
Holdings
Withdrawn status Lost status Source of classification or shelving scheme Damaged status Not for loan Home library Current library Shelving location Date acquired Total Checkouts Full call number Barcode Date last seen Copy number Price effective from Koha item type
    Dewey Decimal Classification     Virtual Virtual Online 23/12/2015   ONLINE PUBLICATION 159058-2001 06/08/2019 1 06/08/2019 Book